2022 MLB Season Recap - Statistics

General Stats
  • This quiz has been taken 49 times
  • The average score is 21 of 29
Answer Stats
Hint Answer % Correct
World Series Champion Houston Astros
100%
World Series Runner Up Philadelphia Phillies
97%
How many home runs did he hit? 62
93%
AL MVP Aaron Judge
93%
NL East Champions Atlanta Braves
93%
NL West Champions Los Angeles Dodgers
93%
NL Wild Card New York Mets
93%
AL East Champions New York Yankees
93%
AL Central Champions Cleveland Guardians
90%
Slugger who reached 700 career home runs Albert Pujols
87%
NL Wild Card San Diego Padres
87%
NL Central Champions St. Louis Cardinals
87%
AL Wild Card Tampa Bay Rays
87%
World Series MVP Jeremy Pena
80%
Joined 3000 Hit Club Miguel Cabrera
80%
AL Wild Card Toronto Blue Jays
80%
Who's American League home run record did he break? Roger Maris
77%
AL Wild Card Seattle Mariners
77%
NL MVP Paul Goldschmidt
73%
AL Cy Young Justin Verlander
67%
All-Star Game host city Los Angeles
57%
NL Cy Young Sandy Alcantara
57%
AL Rookie of the Year Julio Rodriguez
50%
AL Batting Champion Luis Arraez
50%
All-Star Game MVP Giancarlo Stanton
43%
NL Rookie of the Year Michael Harris II
43%
Pitcher who started in 2 combined no hitters (One in World Series) Christian Javier
40%
NL Batting Champion Jeff McNeil
40%
Pitcher who had a complete game no hitter Reid Detmers
13%
No matching quizzes found
Score Distribution
Percent of People with Each Score
Percentile by Number Answered
Your Score History
You have not taken this quiz